000 00962nam a2200289Ia 4500
001 Para_7835
003 CHAP
008 220125s2002 xx 000 0 und d
010 _a205785
040 _cCHAP
090 _aPA TESIS 1631
100 _aSolís Reynoso, Marcela Gladys
_9108463
245 _aNemátodos asociados a viñedos de Caborca, Sonora :
_b distribución y evaluación de productos antinematodos
260 _aChapingo, Méx. :
_b el autor
300 _a124 p.
502 _aTesis (M.C. Esp. Protección Vegetal). UACh. Departamento Parasitología Agrícola
650 _aNemátodos parásitos de plantas
_x control
_9169574
650 _aVid
_x plagas
_x Sonora
_9171900
710 _aUACh. Departamento Parasitología Agrícola
_9164025
901 _aPA TESIS 1631
902 _aM
905 _a0000002002 i 0000000000 00
910 _a2002
942 _cPARA
942 _cPARA
_d2
999 _c205785
_d205785